تحميل...

INCOMPATIBILITY STUDIES ON PENTAS LANCEOLATA [Forsk] Delf.

التفاصيل البيبلوغرافية
المؤلف الرئيسي: SREEJA.S
التنسيق: Printed Book
منشور في: T DEPT OF BOTANY, UNIVERSITY OF KERALA KARIAVATTOM 1997
الموضوعات:
LEADER 00550nam a2200205 4500
020
037
082 |a 592.76 SRE 
100 |a SREEJA.S 
245 |a INCOMPATIBILITY STUDIES ON PENTAS LANCEOLATA [Forsk] Delf.  |h English 
250
260 |a T  |b DEPT OF BOTANY, UNIVERSITY OF KERALA KARIAVATTOM  |c 1997 
300 |a 69  |f HB 
500
590
630
650 |a PENTAS 
942 |c REF 
999 |c 175708  |d 175708 
952 |0 0  |1 0  |4 0  |6 592_760000000000000_SRE  |7 0  |9 189075  |a BOT  |b BOT  |l 0  |o 592.76 SRE  |p BOTMSC D327  |r 2019-10-25  |w 2019-10-25  |y REF